[Event "Robecchetto Autunn op 10th"]
[Site "Robecchetto"]
[Date "2013.11.21"]
[Round "7"]
[White "Nava, Mario"]
[Black "De Dominicis, Arrigo"]
[Result "0-1"]
[WhiteElo "1256"]
[BlackElo "1299"]
[PlyCount "74"]
[EventDate "2013.10.03"]
[EventType "swiss"]
[EventRounds "7"]
[EventCountry "ITA"]
[SourceTitle "EXT 2015"]
[Source "ChessBase"]
[SourceDate "2014.11.20"]
[SourceVersion "1"]
[SourceVersionDate "2014.11.20"]
[SourceQuality "1"]

1. Nf3 d5 2. d4 Bg4 3. c4 Nf6 4. cxd5 Nxd5 5. e4 Bxf3 6. Qxf3 Nf6 7. Nc3 Nc6 8. Bb5 Qxd4 9. Bxc6+ bxc6 10. 0-0 e5 11. a3 Bd6 12. Be3 Qc4 13. Rfc1 Qe6 14. h3 a6 15. Na4 Qb3 16. Nc5 Qxb2 17. Nd3 Qb8 18. Rxc6 Qb5 19. Rc3 Qb7 20. Bc5 Qxe4 21. Bxd6 Qxf3 22. gxf3 cxd6 23. Rac1 0-0 24. Rc6 e4 25. Nb4 a5 26. Na6 Rfd8 27. Nc7 Rab8 28. Ra6 h6 29. Rxa5 exf3 30. Kh2 Rb2 31. Kg1 Ne4 32. Rf1 Rc8 33. Nd5 Rcc2 34. Nf4 Rxf2 35. Ra8+ Kh7 36. Re8 Rxf1+ 37. Kxf1 Rb1# 0-1

[Event "Robecchetto Autunn op 10th"]
[Site "Robecchetto"]
[Date "2013.11.07"]
[Round "5"]
[White "De Dominicis, Arrigo"]
[Black "Frignani, Alessandro"]
[Result "0-1"]
[WhiteElo "1299"]
[BlackElo "1389"]
[PlyCount "78"]
[EventDate "2013.10.03"]
[EventType "swiss"]
[EventRounds "7"]
[EventCountry "ITA"]
[SourceTitle "EXT 2015"]
[Source "ChessBase"]
[SourceDate "2014.11.20"]
[SourceVersion "1"]
[SourceVersionDate "2014.11.20"]
[SourceQuality "1"]

1. d4 d5 2. Bf4 c6 3. e3 Qb6 4. b3 Nf6 5. Nf3 Nbd7 6. Bd3 e6 7. 0-0 h6 8. Nc3 Ba3 9. Rb1 Qd8 10. b4 Qe7 11. b5 c5 12. Qe1 c4 13. Be2 Nb6 14. Ne5 Bb4 15. Rxb4 Qxb4 16. Nb1 Qxb5 17. Bd1 Nbd7 18. Nd2 Qa4 19. e4 c3 20. Nb3 Nxe4 21. Nc5 Nexc5 22. dxc5 Nxc5 23. Qxc3 b6 24. Nf3 Qxf4 25. Qxg7 Rf8 26. Ne5 Qd2 27. Bh5 Qf4 28. Ng6 fxg6 29. Bxg6+ Rf7 30. Qg8+ Ke7 31. g3 Qf6 32. f4 Bb7 33. Qxf7+ Qxf7 34. Bxf7 Kxf7 35. f5 e5 36. h4 Rg8 37. Kh2 Ne4 38. Rg1 Rg4 39. Kh3 h5 0-1

[Event "Robecchetto Spring op 8th"]
[Site "Robecchetto"]
[Date "2011.04.21"]
[Round "3"]
[White "De Dominicis, Arrigo"]
[Black "Ongaro, Andrea"]
[Result "0-1"]
[WhiteElo "1387"]
[BlackElo "1528"]
[PlyCount "82"]
[EventDate "2011.04.07"]
[EventType "swiss"]
[EventRounds "7"]
[EventCountry "ITA"]
[SourceTitle "EXT 2024"]
[Source "ChessBase"]
[SourceDate "2023.10.10"]
[SourceVersion "1"]
[SourceVersionDate "2023.10.10"]
[SourceQuality "1"]

1. e4 c5 2. Bc4 d6 3. Nf3 e6 4. d4 cxd4 5. Qxd4 Nc6 6. Qe3 Qc7 7. Nc3 a6 8. Qe2 Nf6 9. Bf4 Nh5 10. Bg3 Nxg3 11. hxg3 Bd7 12. 0-0-0 g6 13. Ng5 h6 14. Nxf7 Kxf7 15. f4 Re8 16. Qf3 Ke7 17. f5 Ne5 18. f6+ Kd8 19. Qf1 Qxc4 20. Qxc4 Nxc4 21. g4 Ne3 22. Rd4 Rh7 23. g5 Nxg2 24. Ne2 e5 25. Rb4 Bc6 26. Ng3 Nf4 27. Rb3 Ne6 28. gxh6 Rxh6 29. Rf1 Nf4 30. Re3 Re6 31. f7 Rf6 32. Rd1 Rxf7 33. c4 Rd7 34. Ne2 Nxe2+ 35. Rxe2 Rh4 36. Rf1 Bh6+ 37. Kc2 Bxe4+ 38. Kc3 Rh3+ 39. Kb4 Bd3 40. Rf8+ Bxf8 41. Rxe5 dxe5+ 0-1

[Event "Monza Province-ch"]
[Site "Ceriano Laghetto"]
[Date "2011.03.28"]
[Round "6"]
[White "De Dominicis, Arrigo"]
[Black "Moioli, Ferruccio"]
[Result "0-1"]
[WhiteElo "1387"]
[BlackElo "1624"]
[PlyCount "80"]
[EventDate "2011.02.??"]
[EventType "swiss"]
[EventRounds "6"]
[EventCountry "ITA"]
[SourceTitle "EXT 2024"]
[Source "ChessBase"]
[SourceDate "2023.10.10"]
[SourceVersion "1"]
[SourceVersionDate "2023.10.10"]
[SourceQuality "1"]

1. e4 d6 2. d4 g6 3. Be3 Bg7 4. Nf3 Nd7 5. Bd3 b6 6. b4 c5 7. c3 Bb7 8. Qb3 cxb4 9. Ng5 Nh6 10. Bc4 0-0 11. Be6 Rc8 12. cxb4 Qe8 13. Bh3 Kh8 14. Nd2 Rb8 15. Rc1 e5 16. d5 Qd8 17. 0-0 a5 18. Qa4 Nf6 19. Nc4 Ba8 20. bxa5 b5 21. Qa3 bxc4 22. Rxc4 Nhg4 23. Bb6 Rxb6 24. axb6 Qxb6 25. Rc6 Bxc6 26. dxc6 Qxc6 27. Qg3 h5 28. Bxg4 Nxg4 29. Qf3 Nf6 30. Qb3 Kg8 31. a4 Nxe4 32. Nxe4 Qxe4 33. a5 Ra8 34. Ra1 Rxa5 35. Qb1 Qxb1+ 36. Rxb1 Bf6 37. g3 d5 38. Rb6 Kg7 39. h4 d4 40. Rxf6 Kxf6 0-1

[Event "Ceriano Laghetto op"]
[Site "Ceriano Laghetto"]
[Date "2009.02.10"]
[Round "2"]
[White "Regorda, Massimiliano"]
[Black "De Dominicis, Arrigo"]
[Result "1-0"]
[WhiteElo "1919"]
[BlackElo "1390"]
[PlyCount "30"]
[EventDate "2009.02.03"]
[EventType "swiss"]
[EventRounds "6"]
[EventCountry "ITA"]
[SourceTitle "EXT 2011"]
[Source "ChessBase"]
[SourceDate "2010.11.26"]
[SourceVersion "1"]
[SourceVersionDate "2010.11.26"]
[SourceQuality "1"]

1. e4 e5 2. Nf3 Nc6 3. d4 Bd6 4. Bc4 f6 5. 0-0 a6 6. c3 b5 7. Bb3 Qe7 8. a4 b4 9. dxe5 Nxe5 10. Nd4 c5 11. Nf5 Qf8 12. Nxd6+ Ke7 13. f4 Nf7 14. Nxf7 bxc3 15. Nxc3 Nh6 1-0

[Event "Ceriano Laghetto op"]
[Site "Ceriano Laghetto"]
[Date "2008.02.26"]
[Round "4"]
[White "Guglia, Giuseppe"]
[Black "De Dominicis, Arrigo"]
[Result "1-0"]
[WhiteElo "1500"]
[BlackElo "1453"]
[PlyCount "67"]
[EventDate "2008.02.05"]
[EventType "swiss"]
[EventRounds "6"]
[EventCountry "ITA"]
[SourceTitle "EXT 2010"]
[Source "ChessBase"]
[SourceDate "2010.11.25"]
[SourceVersion "1"]
[SourceVersionDate "2010.11.25"]
[SourceQuality "1"]

1. d4 b6 2. e4 Bb7 3. Nc3 Nf6 4. Bd3 d5 5. e5 Ne4 6. Nge2 Nxc3 7. Nxc3 e6 8. 0-0 f6 9. Qh5+ Kd7 10. Nb5 Be7 11. Qf7 Qf8 12. Qxf8 Bxf8 13. exf6 gxf6 14. Bf4 Bd6 15. Bh6 Nc6 16. Bg7 Rhg8 17. Bxf6 Raf8 18. Nxd6 Kxd6 19. Bh4 Rf4 20. Bg3 Rxg3 21. fxg3 Rxd4 22. Rf7 Ne5 23. Rxh7 Nxd3 24. cxd3 Rxd3 25. Rc1 Bc6 26. Rf7 d4 27. g4 Rd2 28. Rf2 Rxf2 29. Kxf2 Be8 30. h4 e5 31. b3 d3 32. Ke3 Bb5 33. h5 Kd5 34. h6 1-0